MIEJSCE, W KTÓRYM MOŻNA ZNALEŹĆ WAGĘ: - Statystyki

Ogólne statystyki
  • Ten quiz został rozwiązany 36 razy
  • Średni wynik to 3 z 5
Statystyki odpowiedzi
Odpowiedź % Poprawnych
ŁAZIENKA
83%
SKLEP
83%
KUCHNIA
77%
PRZYCHODNIA
53%
SIŁOWNIA
30%
Nie znaleziono quizów pasujących do podanych kryteriów
Rozkład punktacji
Procent ludzi z każdym wynikiem
Percentyl według liczby udzielonych odpowiedzi
Twoja historia wyników
Nie rozwiązałeś tego quizu